Central Library OPAC University of Rajshahi

Population census of Bangladesh, 1974 : (Record no. 62429)

MARC details
000 -LEADER
fixed length control field 00796nam a2200229 a 4500
001 - CONTROL NUMBER
control field 62429
003 - CONTROL NUMBER IDENTIFIER
rucl marc code BD-RjUL
005 - DATE AND TIME OF LATEST TRANSACTION
control field 20211209081102.0
008 - FIXED-LENGTH DATA ELEMENTS--GENERAL INFORMATION
fixed length control field 170124s1979 bg 000 0 eng
020 ## - INTERNATIONAL STANDARD BOOK NUMBER
Terms of availability : Tk 30.00
035 ## - SYSTEM CONTROL NUMBER
System control number (BD-RjUL)62555
040 ## - CATALOGING SOURCE
Original cataloging agency DLC
Transcribing agency DLC
Modifying agency DLC
-- BD-RjUL
Language of cataloging eng
041 ## - LANGUAGE CODE
Language code of text/sound track or separate title eng
082 ## - DEWEY DECIMAL CLASSIFICATION NUMBER
Edition number 23
Classification number 304.6095492021
Author mark and year PAB 1979 (DCR)
110 1# - MAIN ENTRY--CORPORATE NAME
Corporate name or jurisdiction name as entry element Bangladesh Bureau of Statistics
9 (RLIN) 179266
245 10 - TITLE STATEMENT
Title Population census of Bangladesh, 1974 :
Remainder of title District census report, Pabna /
Statement of responsibility, etc. Bangladesh Bureau of Statistics
260 ## - PUBLICATION, DISTRIBUTION, ETC. (IMPRINT)
Place of publication, distribution, etc. Dacca :
Name of publisher, distributor, etc. Bangladesh Bureau of Statistics
Date of publication, distribution, etc. 1979.
300 ## - PHYSICAL DESCRIPTION
Pagination iv, [4], 170 p.
Illustrations Ill. ;
Size 29 cm.
651 ## - SUBJECT ADDED ENTRY--GEOGRAPHIC NAME
Geographic name Bangladesh
Geographic subdivision Pabna
Form subdivision Census, 1974.
9 (RLIN) 185673
Geographic name Bangladesh
Geographic subdivision Pabna
General subdivision Population
Form subdivision Statistics.
Chronological subdivision 1974.
9 (RLIN) 185674
942 ## - ADDED ENTRY ELEMENTS (KOHA)
Source of classification or shelving scheme Dewey Decimal Classification
Koha item type Rare Books
Holdings
Lost status Source of classification or shelving scheme Damaged status Not for loan Collection code Permanent Location Current Location Shelving location Date acquired Total Checkouts Full call number Date last seen Copy number Koha item type
  Dewey Decimal Classification   Not For Loan Rare Books Central Library, University of Rajshahi Central Library, University of Rajshahi Rare Book Section 17/04/1982   RA 304.6095492021 PAB 1979(DCR) 24/01/2017 C-1 Rare Books